|
|
|
|
| LEADER |
00000nab a2200000 a 4500 |
| 001 |
vtls000809988 |
| 003 |
SK-MaSNL |
| 005 |
20260304225058.0 |
| 008 |
140301c2002 xo 0 slo |
| 015 |
|
|
|a SNBRB2002/10-32503
|
| 035 |
|
|
|a CLN000161643
|
| 040 |
|
|
|a SNKBUCL
|b slo
|c SNKBUCL
|e AACR2
|
| 041 |
0 |
|
|a slo
|
| 044 |
|
|
|a xo
|c SK
|
| 080 |
|
|
|a 616.8-009.836
|2 1997
|
| 100 |
1 |
|
|a Moravčíková, Marta
|4 aut
|9 386810
|
| 245 |
1 |
0 |
|a Spánok náš každonočný nie je každodenná záležitosť
|b priame a nepriame náklady spojené s liečbou nespavosti sa vo svete ...
|c pripravila Marta Moravčíková
|
| 300 |
|
|
|b Fotogr.
|
| 650 |
0 |
7 |
|a spánok
|2 SNKPH
|9 21972
|
| 650 |
0 |
7 |
|a nespavosť
|2 SNKPH
|9 22279
|
| 650 |
0 |
7 |
|a poruchy spánku
|2 SNKPH
|9 23292
|
| 655 |
|
7 |
|a články z novín a časopisov
|2 SNK
|9 267496
|
| 773 |
0 |
|
|t Hospodárske noviny
|g Roč. 10, č. 178 (16.9.2002), s. 20
|x 1335-4701
|
| 850 |
|
|
|a Slovenská národná knižnica v Martine
|
| 852 |
|
|
|a SNK
|b KIS3GCP
|
| 992 |
|
|
|a RBX
|
| 999 |
|
|
|c 3175552
|d 3177482
|